| 000 | 00737cam a2200253 i 4500 | ||
|---|---|---|---|
| 001 | 000015848 | ||
| 003 | DO-SdBNP | ||
| 005 | 20260528132434.0 | ||
| 007 | ta | ||
| 008 | 880707s1986 cu bc 000 0 spa d | ||
| 040 |
_aDO-SdBNP _bspa _cBNPHU _erda |
||
| 041 | _aspa | ||
| 082 | 4 |
_axxx _bR934m _222 |
|
| 100 | 1 |
_aRuiz, Ernesto. _eautor _4aut. _935659 |
|
| 245 | 1 | 0 |
_aMáximo Gómez : _bselección bibliográfica y documental / _cErnesto Ruiz. |
| 264 | 4 |
_aLa Habana, Cuba : _bEditorial Academia, _c©1986. |
|
| 300 |
_a98 páginas ; _c20 cm. |
||
| 336 |
_atexto _btxt _2rdacontent |
||
| 337 |
_asin mediación _bn _2rdamedia |
||
| 338 |
_avolumen _bnc _2rdacarrier |
||
| 590 | _aInventariado, 2024/DG | ||
| 910 | _aDG | ||
| 942 |
_2ddc _cLBS1 |
||
| 999 |
_c15392 _d15392 |
||